000 00453nam a2200181Ia 4500
005 20240823011417.0
008 240823s9999||||xx |||||||||||||| ||und||
041 _aENGLISH
082 _A621.381548 P2
100 _a"Morris, Alan S"
245 0 _aPrinciples of Measurement and Instrumentation
250 _a2nd
260 _c2002
_b"PHI,New Delhi"
500 _aTRANSFERED
650 _aElectronics
_bElectronics
942 _cBK
999 _c161457
_d161457